Countries Where Soccer is NOT the Top Sport - Statistics

General Stats
  • This quiz has been taken 221 times
  • The average score is 16 of 32
Answer Stats
Country Most Popular Sport % Correct
United States American Football
95%
Canada Ice Hockey
91%
India Cricket
91%
Australia Cricket
90%
New Zealand Rugby
89%
Japan Baseball
77%
Pakistan Cricket
74%
Ireland Gaelic Football
65%
Finland Ice Hockey
62%
Bangladesh Cricket
58%
Cuba Baseball
56%
Fiji Rugby
53%
Sri Lanka Cricket
51%
Mongolia Wrestling
45%
Samoa Rugby
45%
Dominican Republic Baseball
44%
Tonga Rugby
42%
Estonia Ice Hockey
41%
Lithuania Basketball
41%
Bhutan Archery
39%
Latvia Ice Hockey
37%
Taiwan Baseball
35%
Antigua and Barbuda Cricket
33%
Bahamas Basketball
32%
Philippines Basketball
32%
Trinidad and Tobago Cricket
31%
Venezuela Baseball
31%
Nauru Australian Rules Football
30%
Panama Baseball
25%
Marshall Islands Basketball
21%
Nicaragua Baseball
19%
Guyana Cricket
17%
No matching quizzes found
Score Distribution
Percent of People with Each Score
Percentile by Number Answered
Your Score History
You have not taken this quiz